000 00883nam a22002897a 4500
001 5261
003 FISKH
005 20250513114451.0
008 241121b cb ||||| |||| 00| 0 eng d
020 _a9780590481199
040 _aFISKH
_beng
_cFISKH
_dFISKH
050 _aPZ8.F6378
082 _a591.763
100 _aFleming, Denise
_d(1950-)
245 _aIn the small, small pond /
_cDenise Fleming
250 _aFirst printing in 1994
260 _aNew York :
_bScholastic,
_c1994.
300 _a29 pages :
_bcolor illustrations ;
_c26 cm
505 _aG
520 _aIllustrations and rhyming text describe the activities of animals living in and near a small pond as spring progresses to autumn.
521 8 _a370
_bLexile
521 8 _aG
_bRaz-Plus
650 _2Picture book
_aPond
650 _2Science
_aSeasons
942 _2ddc
_cBK
_n0
999 _c5261
_d5261